Detalles MARC
| 000 -ENCABEZADO |
| Número de control [NR] |
05248nam a22003977i 4500 |
| 001 - NÚMERO DE CONTROL |
| control field |
B-12086 |
| 003 - IDENTIFICADOR DE CONTROL NÚMERO |
| control field |
CO-BoFNCP |
| 007 - CAMPO DESCRIPCIÓN FÍSICA FIJA - INFORMACIÓN GENERAL |
| fixed length control field |
t|| |
| 008 - DE LONGITUD FIJA DE DATOS DE ELEMENTOS - INFORMACIÓN GENERAL |
| Elementos de longitud fija [NR] |
090804s2009 ck r spa d |
| 040 ## - FUENTE DE CATALOGACION [NR] |
| Agencia de catalogación original [NR] |
CO-BoFNCP |
| Idioma de catalogación [NR] |
Español |
| Quien Cataloga |
CO-BoFNCP |
| Convenciones de la descripción [NR] |
rda |
| 041 ## - CODIGO DE IDIOMA [R] |
| Código de idioma para texto/pista de sonido o título separado [R] |
Español |
| 043 ## - CODIGO DE AREA GEOGRAFICA [NR] |
| Código de área geográfica [R] |
ck |
| 084 ## - OTRO NUMERO DE CLASIFICACION [R] |
| Número clasificador [R] |
A- |
| 100 1# - ASIENTO PRINCIPAL--NOMBRE PERSONAL [NR] |
| Nombre personal [NR] |
Hurtado C., Rafael E. |
| ID Autoridad |
41867, |
| Término relacionador [R] |
autor. |
| Relator code |
aut |
| 245 10 - MENCION DE TITULO [NR] |
| Título [NR] |
Catálogo de objetos para la agroindustria de la palma de aceite. |
| 246 2# - FORMA VARIANTE DEL TITULO [R] |
| Título propiamente dicho/forma breve del título [NR] |
Catalogues of objects for the oil palm agro-industry |
| 264 #4 - PRODUCCIÓN, PUBLICACIÓN, DISTRIBUCIÓN, FABRICACIÓN Y COPYRIGHT |
| Fecha de producción, publicación, distribución, fabricación o copyright |
©2009 |
| 300 ## - DESCRIPCION FISICA [R] |
| Extensión [R] |
páginas 11-28 : |
| Otros detalles físicos [NR] |
Tablas, gráficos. |
| 336 ## - TIPO DE CONTENIDO |
| Término de tipo de contenido |
texto |
| Código de tipo de contenido |
txt |
| Fuente |
rdacontent |
| 337 ## - TIPO DE MEDIO |
| Nombre/término del tipo de medio |
sin mediación |
| Código del tipo de medio |
n |
| Fuente |
rdamedia |
| 338 ## - TIPO DE SOPORTE |
| Nombre/término del tipo de soporte |
volumen |
| Código del tipo de soporte |
nc |
| Fuente |
rdacarrier |
| 500 ## - NOTA GENERAL [R] |
| Nota general [NR] |
Contiene resumen en español e inglés. |
| 504 ## - NOTA DE BIBLIOGRAFIA, ETC. [R] |
| Nota de bibliografía, etc. [NR] |
Incluye referencias bibliográficas. |
| 520 ## - NOTA DE RESUMEN, ETC. [R] |
| Nota de sumario, etc. [NR] |
El catálogo de objetos para el sector palmero está orientado a estructurar y estandarizar la información geográfica de la agroindustria de palma de aceite, con el fin de brindar una herramienta útil para la comunicación entre sus productores y usuarios. La estructura del catálogo clasifica los objetos geográficos principalmente utilizados en la administración del manejo agronómico de un cultivo de palma de aceite, identifica su importancia, define sus relaciones y atributos, y describe elementos geográficos que son de interés general para una plantación. Ello permite orientar a los productores en la adopción de un estándar que considera las particularidades y singularidades del sector palmero Colombiano. El catálogo de objetos presenta las características propias de los elementos geográficos a escala 1:2.000, agrupa las ocurrencias de un tipo de objeto según su naturaleza, e identifica atributos inherentes al objeto como lo es el tipo de geometría espacial (la representación geométrica de un tipo de objeto varía según la escala de representación). Sin embargo, no se explica la representación espacial de instancias del objeto geográfico con fines cartográficos. La representación espacial de estos elementos se encuentra consignada en el catálogo de símbolos cartográficos para la agroindustria de palma de aceite en Colombia a escala 1:2.000, un importante insumo que permite representar la realidad de una plantación en papel o a través de la pantalla del computador, es decir, realizar una abstracción de la realidad. Al estandarizar la información se optimizan actividades de flujo de información, se mejora la administración y el manejo agronómico dentro de la plantación y se reducen costos. También se evita con ello la duplicación de esfuerzos, y se favorece la toma de decisiones para el manejo de recursos. Por otra parte, contribuye al desarrollo del sector palmero, ya que brinda un mejor entendimiento del entorno geográfico del país, de manera que se puedan aprovechar sus cualidades y recursos. Este artículo forma parte de los compromisos del protocolo que para tal fin buscó desarrollar y estructurar el catálogo de objetos y el catálogo de símbolos, dentro del Programa de Agricultura de Precisión (ap) de Cenipalma. Su conceptualización, desarrollo tecnológico, manejo y estandarización de la información alfanumérica y geográfica asociada al sistema productivo de la palma de aceite, se encuentran inmersos en los conceptos de AP. |
| 520 ## - NOTA DE RESUMEN, ETC. [R] |
| Nota de sumario, etc. [NR] |
The Catalog of objects for the oil palm sector is oriented to the structure of the geographic information of oil palm agro-industry, standardize this information in order to provide a useful tool for communication between producers and users of geographic information. The structure of the Catalog of objects classified mainly geographical objects used in the management of agricultural crops of oil palm, identifying its importance, defining attributes and their relations, aiming to describe geographic features that are of general interest to a plantation, and to guide producers of geographic information in the adoption of a standard that considers the specificities of the oil palm sector. The Catalog of objects sets the characteristics of the geographic objects to scale 1:2000, grouping occurrences of a type of object according to its nature, identifying attributes associated with the object as it is the type of geometry (geometric representation of a type object varies with the scale of representation). By standardizing the information activities is optimized information flow, allowing the exchange to generate a greater understanding of the context of palm oil, contributing to improved management and agronomic management within of the plantation and cutting costs to avoid raising unnecessary information. These benefits help to prevent duplication of efforts, helping to make the right decisions for resource management. |
| 650 #0 - ASIENTO SECUNDARIO DE MATERIA - TERMINO TEMATICO [R] |
| Término temático o nombre geográfico como elemento de entrada [NR] |
Agricultura de precisión. |
| 9 (RLIN) |
809 |
| 650 #0 - ASIENTO SECUNDARIO DE MATERIA - TERMINO TEMATICO [R] |
| Término temático o nombre geográfico como elemento de entrada [NR] |
Norma Técnica Colombiana |
| 9 (RLIN) |
34094. |
| 650 #0 - ASIENTO SECUNDARIO DE MATERIA - TERMINO TEMATICO [R] |
| Término temático o nombre geográfico como elemento de entrada [NR] |
Sistemas de información geográfica. |
| 9 (RLIN) |
24845 |
| 650 #0 - ASIENTO SECUNDARIO DE MATERIA - TERMINO TEMATICO [R] |
| Término temático o nombre geográfico como elemento de entrada [NR] |
Palma de aceite |
| 9 (RLIN) |
37678. |
| 700 1# - ASIENTO SECUNDARIO - NOMBRE PERSONAL [R] |
| Nombre personal [NR] |
Araque T., Leonardo |
| 9 (RLIN) |
41868. |
| 700 1# - ASIENTO SECUNDARIO - NOMBRE PERSONAL [R] |
| Nombre personal [NR] |
Montealegre M., Fabio |
| 9 (RLIN) |
41869. |
| 700 1# - ASIENTO SECUNDARIO - NOMBRE PERSONAL [R] |
| Nombre personal [NR] |
Rincón R., Victor |
| 9 (RLIN) |
36942. |
| 773 0# - ASIENTO DEL ITEM FUENTE [R] |
| Asiento principal [NR] |
Palmas (Colombia) |
| Información sobre la relación [R] |
v. 30, no. 1 (2009), p.11-28 |
| Número de control del registro [R] |
A- |
| Número Internacional Normalizado para Publicaciones Seriadas - ISSN [NR] |
0121-2923 |
| 942 ## - ELEMENTOS DE ENTRADA AGREGADOS (KOHA) |
| Sistema de clasificación |
Local |
| Tipo de ítem principal el descrito en 300a |
Artículo |
| 999 ## - NÚMEROS DE SISTEMAS DE CONTROL (KOHA) |
| Koha biblionumber |
26549 |